| 000 | 00369nam a2200145Ia 4500 | ||
|---|---|---|---|
| 003 | sisc | ||
| 005 | 20180220152657.0 | ||
| 008 | 180205s9999 xx 000 0 und d | ||
| 020 | _a9780415780728 | ||
| 100 | _aFacos, Michelle. | ||
| 245 | 3 | _aAn introduction nineteenth- century art / | |
| 260 |
_aUSA _bRouthledge _c2011. |
||
| 300 | _ax, 435 pages | ||
| 942 |
_2lcc _cBK |
||
| 999 |
_c354879 _d354879 |
||